| 000 | 00654nam a2200169Ia 4500 | ||
|---|---|---|---|
| 003 | LDD | ||
| 008 | 190117s9999 xx 000 0 und d | ||
| 020 |
_a811190405 _c₹50 |
||
| 040 | _cLDD | ||
| 041 | _ahi | ||
| 082 | _a8H3.7 या4668व | ||
| 100 | _aयादव, राजेन्द्र | ||
| 245 | 0 |
_aवहाँ तक पहुचने की दौड़ _cराजेन्द्र यादव |
|
| 260 |
_aई दिल्ली | _bाधाकृष्ण 1 _c1991 |
||
| 300 | _a143पृ. | ||
| 942 |
_2ddc _cH |
||
| 999 |
_c167724 _d167724 |
||